01013cam a22003614i 4500003000900000005001700009008004100026020001500067035002700082040003300109082002000142100003000162245006400192264005700256300003800313336002100351337002500372338002300397504003900420505008200459526001000541526001000551526001000561526001000571526000800581526000800589526000800597526000800605526000800613526000800621526000800629650001400637PE-LiUPU20250731173518.0150616s r 000 0 d a0801038359 a(Sirsi) i9780801038358 aPE-LiUPUbspacPE-LiUPUerda04a231.73bG832211 aGross, Edward N.,eautor.10aMiracles, demons, and spiritual warfare /cEdward N. Gross. 1aGrand Rapids, Míchigan :bBaker Book House,c1990. a174 páginas ;c21 centímetros atext2rdacontent aunmediated2rdamedia avolume2rdacarrier aBibliografía: páginas 171-174.0 aDefining biblical parameters.- Probing contemporary claims and their sources. aSEG42 aSEG41 aSEG40 aSEG39 aP94 aP87 aP86 aP85 aP77 aP76 aP3504aMilagros.